| 000 | 00896nam a22002537a 4500 | ||
|---|---|---|---|
| 999 |
_c13219 _d13219 |
||
| 003 | AR-CdUCM | ||
| 008 | 190411b ||||| |||| 00| 0 spa d | ||
| 020 | _a978-612-46549-6-1 | ||
| 040 |
_aMUNICIPALIDAD PROVINCIAL DEL CUSCO _cBIBLIOTECA MUNICIPAL DEL CUSCO |
||
| 082 |
_aEP / 373.808 / _bG88 |
||
| 100 |
_aGuevara Paredes, Mario _96574 |
||
| 245 |
_aCuentos de selva alta espaƱol - quechua : _bCon actividades para el plan lector / |
||
| 260 |
_aCusco : _bRegesa, _bRepresentaciones generales y servicios americanos, _c2016. |
||
| 300 |
_a90 paginas ; _bIlustraciones, graficos, dibujos, _c20 cm. |
||
| 500 | _aCuentos | ||
| 650 |
_aCuentos _9217 |
||
| 650 |
_aHistoria _9136 |
||
| 650 |
_aLiteratura _983 |
||
| 650 |
_aLatinoamerica _94398 |
||
| 700 |
_aAlvarez Espinoza, Juvenal _911376 |
||
| 700 |
_aAlvarez Ferro, Gabriel _931500 |
||
| 942 |
_2ddc _cLIBROS |
||
| 945 |
_apjha _d2019-04-11 |
||